Регионална библиотека "Любен Каравелов" - Русе

Магически аудио приказки (Запис номер 513706)

MARC детайли
000 -Лидер
Лидер 00861nas a2200277 a 4500
003 - Код на организацията, давaща контролен номер
Код на организацията, даваща контролен номер BLK
005 - Дата и час на последна редакция
Дата и час на последна редакция 20250725181426.0
007 - Фиксирано поле за физическо описани
Физическо описание ta
008 - Елементи от данни с фиксирана дължина
Елементи с фиксирана дължина 240715b bu ||||| |||| 00| 0 bu d
022 ## - Международен стандартен номер на серия ISSN
ISSN 2974-9638
040 ## - Източник на каталожния запис
Код на библиотеката BLK
041 ## - Код за език
Език Български
Език за КДБФ Български
080 ## - УДК
УДК текст Литература на отделни езици и езикови семейства
УДК код 821
УДК – код + определител 821-93
УДК – определител -93
245 ## - Сведения за заглавието
Заглавие Магически аудио приказки
246 ## - Различни форми на заглавието
Различни форми на заглавието Disney Магически аудио приказки
260 ## - Област на издателските данни
9 (RLIN) 490633
Място на издаване Novara
Име на издателя De Agostini
Година на издаване 2023
300 ## - Физическа характеристика
Размер 27 см
310 ## - Текуща периодчност на изданието
Честота на издаване Двуседмично изд.
362 ## - Година на издаване и/или означение на поредност
Дата на издаване и/или спецификация Бр. № 1 (2023)-
380 ## - Жанр
Жанр Детска худож. лит.
856 ## - Електронен адрес и достъп
Инструкция (цена за достъп) 0.00
Права за достъп disable
942 ## - АРТИКУЛИ
Вид на библиотечния документ Периодични издания
Скрит в OPAC Не
Koha issues (borrowed), all copies 22
944 ## - СЪЗДАВАНЕ И РЕДАКЦИЯ на ЗАПИСА
Дата на регистрацията/редакция Иваничка Йорданова
Служител, извършил регистрацията/редакцията 30531
Номер на служител Цветелина Шанова
999 ## - СИСТЕМНИ КОНТРОЛНИ НОМЕРА
Koha biblionumber 513706
Koha biblioitemnumber 513706
999 ## - СИСТЕМНИ КОНТРОЛНИ НОМЕРА
Koha biblioitemnumber 513706
999 ## - СИСТЕМНИ КОНТРОЛНИ НОМЕРА
Koha biblioitemnumber 513706
Наличности
Код за отписване Код за изгубен артикул Източник на класификационната схема Части - комплектовани в артикула (потвързано тяло или друга част) Код за повреда Код за отдаване Артикулен № Име на библиотеката - собственик Име на библиотеката, в която се намира в момента Статус (Текущо местоположение) Дата на вписване в системата Местоположение - отдел Цена в лева Номерация (Хронология) Инвентарен номер Систематично азбучна сигнатура Баркод Цена в евро Служебен тип на артикула Бележка за публиката
  Не е изгубен Universal Decimal Classification Цар лъв Не е повреден заемане за дома 945972 Регионална библиотека "Любен Каравелов" Русе Регионална библиотека "Любен Каравелов" Русе Детски отдел 2024-07-16 Детски отдел 1.99 брой № 1 120000911163 821-93/М 13 120000911163 1.02 Периодични издания Год. на изд.: 2023
  Не е изгубен Universal Decimal Classification Цар Лъв Не е повреден заемане за дома 950123 Регионална библиотека "Любен Каравелов" Русе Регионална библиотека "Любен Каравелов" Русе Детски отдел 2024-09-30 Детски отдел 1.99 бр. № 1 120000913479 821-93/М 13 120000913479 1.02 Периодични издания Год. на изд.: 2023
  Не е изгубен Universal Decimal Classification Книга за джунглата Не е повреден заемане за дома 950124 Регионална библиотека "Любен Каравелов" Русе Регионална библиотека "Любен Каравелов" Русе Детски отдел 2024-09-30 Детски отдел 17.99 бр. № 2 120000913480 821-93/М 13 120000913480 9.20 Периодични издания Год. на изд.: 2023
  Не е изгубен Universal Decimal Classification Дъмбо Не е повреден заемане за дома 950125 Регионална библиотека "Любен Каравелов" Русе Регионална библиотека "Любен Каравелов" Русе Детски отдел 2024-09-30 Детски отдел 17.99 бр. № 5 120000913482 821-93/М 13 120000913482 9.20 Периодични издания Год. на изд.: 2023
  Не е изгубен Universal Decimal Classification Търсенето на Немо Не е повреден заемане за дома 950126 Регионална библиотека "Любен Каравелов" Русе Регионална библиотека "Любен Каравелов" Русе Детски отдел 2024-09-30 Детски отдел 17.99 бр. № 3 120000913481 821-93/М 13 120000913481 9.20 Периодични издания Год. на изд.: 2023
Vip Innovations Ltd, Rousse, Bulgaria 2025